| 000 | 00417nam a2200169Ia 4500 | ||
|---|---|---|---|
| 008 | 210707s1976 xx 000 0 und d | ||
| 041 | _aeng | ||
| 082 | _a339 VAIM | ||
| 100 | _aVAISH (M C) | ||
| 245 | _aMacroeconomic theory. Rev Ed 3. | ||
| 250 | _a3 | ||
| 260 |
_aNew Delhi. _bVikas Publishing House Pvt Ltd., _c1976 |
||
| 300 | _aviii,479 p | ||
| 365 |
_b20 _cINR |
||
| 563 | _aPB | ||
| 650 | _aMacroeconomics | ||
| 999 |
_c179992 _d179992 |
||